<?xml version="1.0" encoding="UTF-8"?>
<record
    xmlns:xsi="http://www.w3.org/2001/XMLSchema-instance"
    xsi:schemaLocation="http://www.loc.gov/MARC21/slim http://www.loc.gov/standards/marcxml/schema/MARC21slim.xsd"
    xmlns="http://www.loc.gov/MARC21/slim">

  <leader>00782cam a2200265 a 4500</leader>
  <controlfield tag="001">145465</controlfield>
  <controlfield tag="003">OSt</controlfield>
  <controlfield tag="005">20180921</controlfield>
  <controlfield tag="008">0000001974                          pr     0000000000   00</controlfield>
  <datafield tag="100" ind1=" " ind2=" ">
    <subfield code="a">Mendoza Ti&#xF3;, Carlos F.</subfield>
  </datafield>
  <datafield tag="245" ind1=" " ind2=" ">
    <subfield code="a">Contribuci&#xF3;n al estudio de la obra po&#xE9;tica de Lola Rodr&#xED;guez de Ti&#xF3; : 1843 - 1924 /</subfield>
    <subfield code="c">Contribuci&#xF3;n al estudio de la obra po&#xE9;tica de Lola Rodr&#xED;guez de Ti&#xF3; : 1843 - 1924 /</subfield>
  </datafield>
  <datafield tag="260" ind1=" " ind2=" ">
    <subfield code="a">San Juan, Puerto Rico :</subfield>
    <subfield code="b">[s. n.]</subfield>
  </datafield>
  <datafield tag="300" ind1=" " ind2=" ">
    <subfield code="a">462p.</subfield>
  </datafield>
  <datafield tag="504" ind1=" " ind2=" ">
    <subfield code="a">Incluye &#xED;ndice</subfield>
  </datafield>
  <datafield tag="650" ind1=" " ind2=" ">
    <subfield code="a">LITERATURA PUERTORRIQUE&#xD1;A</subfield>
    <subfield code="a">POESIA PUERTORRIQUE&#xD1;A</subfield>
  </datafield>
  <datafield tag="040" ind1=" " ind2=" ">
    <subfield code="a">DLC</subfield>
    <subfield code="c">DLC</subfield>
  </datafield>
  <datafield tag="942" ind1=" " ind2=" ">
    <subfield code="2">ddc</subfield>
    <subfield code="c">BK</subfield>
  </datafield>
  <datafield tag="999" ind1=" " ind2=" ">
    <subfield code="c">145465</subfield>
    <subfield code="d">14546500</subfield>
  </datafield>
  <datafield tag="952" ind1=" " ind2=" ">
    <subfield code="0">0</subfield>
    <subfield code="1">0</subfield>
    <subfield code="2">ddc</subfield>
    <subfield code="4">0</subfield>
    <subfield code="7">0</subfield>
    <subfield code="a">1</subfield>
    <subfield code="b">1</subfield>
    <subfield code="d">2018-08-17</subfield>
    <subfield code="o">CG PR 861.44 M539c</subfield>
    <subfield code="y">BK</subfield>
  </datafield>
</record>
